000 00454nam a2200193Ia 4500
005 20240823015515.0
008 240823s9999||||xx |||||||||||||| ||und||
020 _a81-7684-130-7
041 _aENGLISH
082 _A621.319 P0
100 _aSharma B R
245 0 _aElectrical machines - I
250 _a3rd
260 _c2002
_b"Satya Prakashan,New "
500 _aTRANSFERED
650 _aMachine
_bElectrical
942 _cBK
999 _c172578
_d172578